| 000 | 00747nam a22002057a 4500 | ||
|---|---|---|---|
| 999 |
_c19167 _d19167 |
||
| 003 | AR-CdUCM | ||
| 008 | 190516b ||||| |||| 00| 0 spa d | ||
| 040 |
_aMUNICIPALIDAD PROVINCIAL DEL CUSCO _cBIBLIOTECA MUNICIPAL DEL CUSCO |
||
| 082 |
_a030 / _bC557 |
||
| 100 |
_aChirone, Vanna _940040 |
||
| 245 |
_aModerna enciclopedia femenina : _bLa mujer y su mundo / |
||
| 260 |
_aBarcelona : _bLuis Miracle, _c1963. |
||
| 300 |
_a659 páginas ; _c25 cm. |
||
| 505 | _aContenido : Historia de la arquitectura -- Historia de la escultura -- Historia de pintura -- Historia de la pintura... | ||
| 650 |
_aArquitectura Egipcia _940352 |
||
| 650 |
_aEscultura gótica _940353 |
||
| 650 |
_aPintura Islamica _940354 |
||
| 942 |
_2ddc _cLIBROS |
||
| 945 | _arcc | ||